|
|
|
|
| LEADER |
00000nam1a2200000 4500 |
| 001 |
156570 |
| 005 |
20231031153236.0 |
| 035 |
|
|
|a (RuTPU)RU\TPU\book\169811
|
| 035 |
|
|
|a RU\TPU\book\108765
|
| 090 |
|
|
|a 156570
|
| 100 |
|
|
|a 20090330d2007 k y0rusy50 ca
|
| 101 |
0 |
|
|a rus
|
| 102 |
|
|
|a RU
|
| 200 |
1 |
|
|a Энергетика : экология, надежность, безопасность
|e труды 9 Всероссийского студенческого научно-технического семинара, 17-20 апреля 2007 г., Томск
|f Томский политехнический университет (ТПУ), Электротехнический институт (ЭЛТИ) ; гл. ред. Н. М. Космынина
|
| 210 |
|
|
|a Томск
|c Изд-во ТПУ
|d 2007
|
| 702 |
|
1 |
|a Космынина
|b Н. М.
|c специалист в области электроэнергетики
|c доцент Томского политехнического университета, кандидат технических наук
|f 1953-
|g Нина Михайловна
|2 stltpush
|4 651
|
| 712 |
1 |
2 |
|a Энергетика: экология, надежность, безопасность
|c семинар
|d 9
|e Томск
|f 2007
|
| 712 |
0 |
2 |
|a Томский политехнический университет (ТПУ)
|b Электротехнический институт (ЭЛТИ)
|2 stltpush
|3 (RuTPU)RU\TPU\col\4304
|
| 801 |
|
1 |
|a RU
|b 63413507
|c 20060830
|g PSBO
|
| 801 |
|
2 |
|a RU
|b 63413507
|c 20160427
|g PSBO
|
| 942 |
|
|
|c BK
|